书目信息 |
| 题名: |
地图的力量
|
|
| 作者: | 伍德 著 ;王志弘...[等] 译 | |
| 分册: | ||
| 出版信息: | 北京 中国社会科学出版社 2000.05 |
|
| 页数: | 313页 | |
| 开本: | 20cm | |
| 丛书名: | 另类丛书 | |
| 单 册: | ||
| 中图分类: | K99 | |
| 科图分类: | ||
| 主题词: | 地图--性质--研究 | |
| 电子资源: | ||
| ISBN: | 7-5004-2747-6 | |
| 000 | 00708nam0 2200229 45 | |
| 001 | 0104051405 | |
| 005 | 20070722135028.54 | |
| 010 | @a7-5004-2747-6@dCNY22.00 | |
| 100 | @a20010405d2000 km y0chiy0120 ea | |
| 101 | 0 | @achi |
| 200 | 1 | @a地图的力量@ADi Tu De Li Liang@f(美)丹尼斯.伍德著@F(Mei)Dan Ni Si.Wu DeZhu@g王志弘...[等]译 |
| 210 | @a北京@c中国社会科学出版社@d2000.05 | |
| 215 | @a313页@c插图@d20cm | |
| 225 | @a另类丛书 | |
| 304 | @a书名原文:The power of the maps | |
| 410 | @12001 @a另类丛书 | |
| 606 | 0 | @a地图@x性质@x研究 |
| 690 | @aK99@v1 | |
| 701 | 0 | @a伍德@4著 |
| 702 | 0 | @a王志弘...[等]@AWang Zhi Hong...[Deng]@4译 |
| 801 | @aCN@bTSTC@c20070722 | |
| 905 | @a213230@f2@b296395-396@dK99@e36 | |
| 地图的力量/(美)丹尼斯.伍德著/王志弘...[等]译.-北京:中国社会科学出版社,2000.05 |
| 313页:插图;20cm.-(另类丛书) |
| ISBN 7-5004-2747-6:CNY22.00 |
| ● |
| 相关链接 |
|
|
|
|
正题名:地图的力量
索取号:K99/36
 
预约/预借
| 序号 | 登录号 | 条形码 | 馆藏地/架位号 | 状态 | 备注 |
| 1 | 0296395 | 002963957 | 第二借阅区/ [索取号:K99/36] | 在馆 | |
| 2 | 0296396 | 002963966 | 第二样本阅览室/ [索取号:K99/36] | 在馆 | |
| 3 | 0775970 | 207759709 | 密集书库/ [索取号:K99/36] | 在馆 |